|
|
|
|
| LEADER |
01802nam a22003734a 4500 |
| 001 |
EBC227393 |
| 003 |
MiAaPQ |
| 005 |
20200520144314.0 |
| 006 |
m o d | |
| 007 |
cr cn||||||||| |
| 008 |
041029s2005 njua sb 001 0 eng |
| 010 |
|
|
|z 2004025807
|
| 020 |
|
|
|z 0471681237 (cloth)
|
| 035 |
|
|
|a (MiAaPQ)EBC227393
|
| 035 |
|
|
|a (Au-PeEL)EBL227393
|
| 035 |
|
|
|a (CaPaEBR)ebr10114258
|
| 035 |
|
|
|a (CaONFJC)MIL25531
|
| 035 |
|
|
|a (OCoLC)232157565
|
| 040 |
|
|
|a MiAaPQ
|c MiAaPQ
|d MiAaPQ
|
| 050 |
|
4 |
|a HD58.9
|b .N578 2005
|
| 082 |
0 |
4 |
|a 658.4/01
|2 22
|
| 100 |
1 |
|
|a Niven, Paul R.
|
| 245 |
1 |
0 |
|a Balanced scorecard diagnostics
|h [electronic resource] :
|b maintaining maximum performance /
|c Paul R. Niven.
|
| 260 |
|
|
|a Hoboken, N.J. :
|b Wiley,
|c c2005.
|
| 300 |
|
|
|a xvii, 206 p. :
|b ill.
|
| 504 |
|
|
|a Includes bibliographical references and index.
|
| 505 |
0 |
|
|a The current state of the balanced scorecard -- First things first -- Before you measure -- Strategy maps -- Measures, targets, and initiatives -- Cascading the balanced scorecard to drive organizational alignment -- Key balanced scorecard process linkages : budgeting, compensation, and corporate governance -- Sharing balanced scorecard results : reporting and strategy-centered management meetings -- Building the balanced scorecard at Aliant, Inc.
|
| 533 |
|
|
|a Electronic reproduction. Ann Arbor, MI : ProQuest, 2015. Available via World Wide Web. Access may be limited to ProQuest affiliated libraries.
|
| 650 |
|
0 |
|a Organizational effectiveness
|x Measurement.
|
| 650 |
|
0 |
|a Performance
|x Measurement.
|
| 650 |
|
0 |
|a Industrial productivity
|x Measurement.
|
| 655 |
|
4 |
|a Electronic books.
|
| 710 |
2 |
|
|a ProQuest (Firm)
|
| 856 |
4 |
0 |
|u https://ebookcentral.proquest.com/lib/matrademy/detail.action?docID=227393
|z Click to View
|